Glycosyl hydrolases from Bifidobacterium adolescentis DSM 2008 : Their role in the metabolism and synthesis of oligosaccharides
To obtain more information about their carbohydrate modifying enzymes, a genomic library of B. adolescentis DSM20083 was constructed and screened for glycosyl hydrolases.
Uloženo v:
| Hlavní autor: | |
|---|---|
| Médium: | Kniha |
| Jazyk: | Undetermined |
| Vydáno: |
Wageningen
Wageningen Universiteit
2005
|
| Témata: | |
| Tagy: |
Přidat tag
Žádné tagy, Buďte první, kdo otaguje tento záznam!
|
| Thư viện lưu trữ: | Trung tâm Học liệu Trường Đại học Cần Thơ |
|---|
| LEADER | 00796nam a2200193Ia 4500 | ||
|---|---|---|---|
| 001 | CTU_192447 | ||
| 008 | 210402s9999 xx 000 0 und d | ||
| 082 | |a 572.5 | ||
| 082 | |b B865 | ||
| 100 | |a Broek, van den L A M | ||
| 245 | 0 | |a Glycosyl hydrolases from Bifidobacterium adolescentis DSM 2008 : | |
| 245 | 0 | |b Their role in the metabolism and synthesis of oligosaccharides | |
| 245 | 0 | |c van den L A M Broek | |
| 260 | |a Wageningen | ||
| 260 | |b Wageningen Universiteit | ||
| 260 | |c 2005 | ||
| 520 | |a To obtain more information about their carbohydrate modifying enzymes, a genomic library of B. adolescentis DSM20083 was constructed and screened for glycosyl hydrolases. | ||
| 650 | |a Biomass chemicals,Hóa chất sinh học | ||
| 980 | |a Trung tâm Học liệu Trường Đại học Cần Thơ | ||